Szczegóły MARC21

Odpowiedzialność cywilna i karna w spółkach /

003 -Nazwa inst., której nr kontr. jest w polu 001 [,]
    • @
    • Nazwa instytucji, której n kontrolny jest w polu 001
    • NUKAT
005 -DATA I CZAS OSTATNIEJ MODYFIKACJI [,]
    • @
    • pole kontrolne
    • 20241231114220.0
020 -Międzynarod. znormalizowany nr książki - ISBN [ , ]
    • a
    • Numer ISBN
    • 839012484X Find
040 -Instytucja sporządzająca opis [ , ]
    • a
    • Instytucja, która sporządziła opis (NP)
    • NUKAT
    • c
    • Instytucja, która sporządziła rekord (NP)
    • KR U/16ZL
    • d
    • Instytucja, która zmodyfikowała rekord (P)
    • KR U/EP
    • d
    • Instytucja, która zmodyfikowała rekord (P)
    • KR U/MWs
    • d
    • Instytucja, która zmodyfikowała rekord (P)
    • WA U/98AST
942 -Rodzaj dokumentu [ , ]
    • c
    • Rodzaj dokumentu
    • Książka
100 -Hasło główne - nazwa osobowa [1, ]
    • a
    • Nazwa osobowa (NP)
    • Sitkowska, Krystyna.
    • 9
    • KHW
    • 39735
245 -Strefa tytułu i oznaczenia odpowiedzialności [1,0]
    • a
    • Tytuł
    • Odpowiedzialność cywilna i karna w spółkach / Find
    • c
    • Pozostałe elementy strefy tytułu i oznaczenia odpowiedzialności (NP)
    • Krystyna Sitkowska.
260 -Strefa adresu wydawniczego [ , ]
    • a
    • Miejsce wydania (P)
    • Warszawa :
    • b
    • Nazwa wydawcy (P)
    • Wydaw. "Librata",
    • c
    • Data wydania (P)
    • cop. 1995.
300 -Strefa opisu fizycznego [ , ]
    • a
    • Określenie formy książki i/lub objętość (NP)
    • 165 s. ;
    • c
    • Format (NP)
    • 21 cm.
336 -Typ zawartości [ , ]
    • a
    • Termin opisujący typ zawartości
    • Tekst
    • b
    • Kod określający zawartość
    • txt
    • 2
    • Źródło (terminu i kodu)
    • rdacontent
337 -Typ mediów [ , ]
    • a
    • Tryb odtwarzania
    • Bez urządzenia pośredniczącego
    • b
    • Kod typu mediów
    • n
    • 2
    • Źródło (terminu i kodu)
    • rdamedia
338 -Typ/rodzaj nośnika [ , ]
    • a
    • Hasło opisujące typ nośnika
    • Wolumin
    • b
    • Kod typu nośnika
    • nc
    • 2
    • Źródło (terminu i kodu)
    • rdacarrier
490 -Strefa serii i książki wielotomowej - forma nie do wyszukiwania [1, ]
    • a
    • Tytuł (P)
    • Seria z Paragrafem Find
830 -Hasło dodatkowe serii i opisu książki wielotomowej - tytuł ujednolicony/tytuł [ ,0]
    • a
    • Tytuł ujednolicony/tytuł (NP)
    • Seria z Paragrafem - Librata
    • 9
    • KHW
    • 39737
080 -Uniwersalna Klasyfikacja Dziesiętna [ , ]
    • a
    • Symbol klasyfikacji
    • 347.7
    • 2
    • Identyfikator wydania tablic
    • UDC-P058
    • 9
    • UKD
    • 3548
    • b
    • Dopowiedzenie
    • Prawo handlowe. Prawo spółek.
    • 4
    • UKD2
    • 7642
    • x
    • Poddział wspólny
    • (438)
    • c
    • Dopowiedzenie poddz. wspólnego
    • (Polska).
    • 4
    • UKD2
    • 8267
    • x
    • Poddział wspólny
    • (094.4)
    • c
    • Dopowiedzenie poddz. wspólnego
    • (Teksty prawne. Kodeksy. Zbiory ustaw).
080 -Uniwersalna Klasyfikacja Dziesiętna [ , ]
    • a
    • Symbol klasyfikacji
    • 343.53
    • 2
    • Identyfikator wydania tablic
    • UDC-P058
    • 9
    • UKD
    • 3479
    • b
    • Dopowiedzenie
    • Oszustwa w handlu, przemyśle i gospodarce. Przestępczość gospodarcza
    • 4
    • UKD2
    • 7642
    • x
    • Poddział wspólny
    • (438)
    • c
    • Dopowiedzenie poddz. wspólnego
    • (Polska).
    • 4
    • UKD2
    • 8267
    • x
    • Poddział wspólny
    • (094.4)
    • c
    • Dopowiedzenie poddz. wspólnego
    • (Teksty prawne. Kodeksy. Zbiory ustaw).
080 -Uniwersalna Klasyfikacja Dziesiętna [ , ]
    • a
    • Symbol klasyfikacji
    • 347.5
    • 2
    • Identyfikator wydania tablic
    • UDC-P058
    • 9
    • UKD
    • 3538
    • b
    • Dopowiedzenie
    • Odpowiedzialność pozaumowna. Odpowiedzialność cywilna ogólnie. Odpowiedzialność za spowodowanie szkody. Odpowiedzialność za cudze czyny (dzieci, pracowników itp.). Odpowiedzialność za szkody wyrządzone przez obiekty nieożywione (drogi, budynki, drzewa itp.). Odpowiedzialność za szkody wyrządzone przez środki transportu.
    • 4
    • UKD2
    • 7642
    • x
    • Poddział wspólny
    • (438)
    • c
    • Dopowiedzenie poddz. wspólnego
    • (Polska).
    • 4
    • UKD2
    • 8267
    • x
    • Poddział wspólny
    • (094.4)
    • c
    • Dopowiedzenie poddz. wspólnego
    • (Teksty prawne. Kodeksy. Zbiory ustaw).
650 -Hasło przedmiotowe [ ,7]
    • a
    • Hasło przedmiotowe
    • Odpowiedzialność cywilna
    • z
    • Określnik geograficzny
    • Polska.
    • 2
    • Źródło terminu
    • kaba
    • 9
    • KHW
    • 355588
650 -Hasło przedmiotowe [ ,7]
    • a
    • Hasło przedmiotowe
    • Odpowiedzialność karna
    • z
    • Określnik geograficzny
    • Polska.
    • 2
    • Źródło terminu
    • kaba
    • 9
    • KHW
    • 353603
650 -Hasło przedmiotowe [ ,7]
    • a
    • Hasło przedmiotowe
    • Spółki
    • x
    • Określnik rzeczowy
    • prawo
    • z
    • Określnik geograficzny
    • Polska.
    • 2
    • Źródło terminu
    • kaba
    • 9
    • KHW
    • 358129
650 -Hasło przedmiotowe [ ,7]
    • a
    • Hasło przedmiotowe
    • Spółki
    • x
    • Określnik rzeczowy
    • prawo
    • z
    • Określnik geograficzny
    • Polska
    • x
    • Określnik rzeczowy
    • orzecznictwo.
    • 2
    • Źródło terminu
    • kaba
    • 9
    • KHW
    • 381497
980 -Symbol UKD [ , ]
    • a
    • UKD
    • 347.7:343.53:347.5](438)(094.4)
710 -Hasło dodatkowe - nazwa ciała zbiorowego [2, ]
    • a
    • Nazwa ciała zbiorowego lub nazwa geograficzna jako pierwszy element (NP)
    • Wydawnictwo "Librata".
    • 4
    • Kod relacji
    • pbl
    • 9
    • KHW
    • 78450
920 -ISBN [ , ]
    • a
    • ISBN
    • 83-901248-4-X Find
Data inwentaryzacji Lokalizacja Status udost. Numer inwentarzowy Sygnatura
1997-03-25BE-2E.64270 
2009-05-15BE-2S.93444 
1997-10-22BSA1SA.8268SA.8268
2015-08-19GW-3GW.1306347